000 00930nam a2200253 a 4500
001 47733
003 BD-RjUL
005 20211209054401.0
008 160810s1998 bg ||||| b||| 001 0 ben d
020 _a8186946187
_c: Tk. 140.00
035 _a(BD-RjUL)47852
040 _aBD-RjUL
_beng
_cBD-RjUL
041 _aeng
082 _a780
_bBHS 1998
100 _aভট্টাচার্য, গৌরীশঙ্কর
_9144981
245 1 0 _aস্বর ও বাক্-রীতি /
_cগৌরীশঙ্কর ভট্টাচার্য
250 _aসংযোজিত ২য় সং.
260 _aকলিকাতা :
_bসাহিত্যলোক,
_c১৯৯৮
300 _a২৩১ পৃ. ;
_c২০ সেমি.
504 _aগ্রন্থপঞ্জি ও নির্ঘণ্ট সংযুক্ত
650 _aগান
_9144982
650 _aMusic
_9144983
942 _2ddc
_cBK
999 _c47733
_d47733